La figura de Eneas en Homero / (Record no. 70581)

MARC details
000 -LEADER
campo de control de longitud fija 00662nam a2200193 i 4500
001 - NÚMERO DE CONTROL
campo de control 70581
003 - IDENTIFICADOR DE NÚMERO DE CONTROL
campo de control ES-MaACL
005 - FECHA Y HORA DE LA ÚLTIMA TRANSACCIÓN
campo de control 20250821063030.0
007 - CAMPO FIJO DE DESCRIPCIÓN FÍSICA--INFORMACIÓN GENERAL
campo de control de longitud fija t|
008 - DATOS DE LONGITUD FIJA--INFORMACIÓN GENERAL
campo de control de longitud fija 040728s1964 sp ||||1| spa d
100 1# - ENTRADA PRINCIPAL--NOMBRE DE PERSONA
Nombre de persona García Yebra, Valentín,
Fechas asociadas al nombre 1917-2010
9 (RLIN) 55453
245 13 - MENCIÓN DEL TÍTULO
Título La figura de Eneas en Homero /
Mención de responsabilidad, etc. por Valentín García Yebra.
260 ## - PUBLICACIÓN, DISTRIBUCIÓN, ETC.
Lugar de publicación, distribución, etc. Madrid :
Nombre del editor, distribuidor, etc. Dirección General de Enseñanza Media,
Fecha de publicación, distribución, etc. [1964]
300 ## - DESCRIPCIÓN FÍSICA
Extensión 103 p. ;
Dimensiones 20 cm.
490 1# - MENCIÓN DE SERIE
Mención de serie Biblioteca cátedra. Estudios y ensayos ;
Designación de volumen o secuencia 427
830 0# - PUNTO DE ACCESO ADICIONAL DE SERIE-TÍTULO UNIFORME
Título uniforme Biblioteca cátedra. Estudios y ensayos ;
Designación de volumen o secuencia 427
9 (RLIN) 231040
852 ## - LOCALIZACIÓN
Ubicación ES-MaACL
Número de control de estantería C-26879
Sublocalización o colección R.55538
Holdings
Estatus retirado Estado de pérdida Estado de daño No para préstamo Biblioteca de origen Biblioteca actual Ubicación en estantería Fecha de adquisición Fuente de adquisición Total de préstamos Signatura topográfica completa Código de barras Visto por última vez Precio de reemplazo Tipo de ítem Koha
        Biblioteca del Ateneo de Madrid Biblioteca del Ateneo de Madrid Depósito 2 17/01/2008     C-26879 1073906 23/02/2023 23/02/2023 Libro impreso